| 000 | 00917cab a2200277 4500 | ||
|---|---|---|---|
| 001 | ABS60276 | ||
| 008 | 090401t1999 xxu||||| |||| 00| 0 eng d | ||
| 035 | _a(Sirsi) u92071 | ||
| 041 | _aeng | ||
| 100 | _aNewman, M. | ||
| 245 | _aArtezium Arts & Media Centre, Luton | ||
| 260 | _c1999 | ||
| 350 | _a0 | ||
| 490 |
_aAccess by Design _v(78) Spring 1999, 11-15(5) |
||
| 650 | _aMANAGEMENT-BUSINESS MANAGEMENT-DISCRIMINATION-DISABILITY DISCRIMINATION-ACCESSIBILITY-ACCESS AUDITS | ||
| 650 | _aARTEZIUM ARTS AND MEDIA CENTRE | ||
| 650 | _aBUILDING REGULATIONS 2000 APPROVED DOCUMENT M (2004 EDITION) | ||
| 650 | _aMANAGEMENT-BUSINESS MANAGEMENT-DISCRIMINATION-DISABILITY DISCRIMINATION-ACCESSIBILITY | ||
| 650 | _aDISABLED PEOPLE | ||
| 690 | _aBUILT ENVIRONMENT-CONSTRUCTION DESIGN | ||
| 700 | _aWilliams, E. | ||
| 700 | _aSawyer, A. | ||
| 700 | _aRichards, L. | ||
| 942 | _n0 | ||
| 948 | _c15/03/1999 | ||
| 999 |
_c58378 _d58378 |
||